| 000 | 00519nam a2200217Ia 4500 | ||
|---|---|---|---|
| 008 | 160803s9999 xx 000 0 und d | ||
| 020 | _a0 590459082 | ||
| 100 | _aCarle, Eric | ||
| 245 | _aToday is Monday / | ||
| 245 | _cpictures by Eric Carle. | ||
| 260 | _aNew York : | ||
| 260 | _bScholastic Inc. | ||
| 260 | _c1993 | ||
| 300 | _a21 unnumbered pages ; | ||
| 300 | _c31 cm | ||
| 650 | _aChildren's songs -- | ||
| 650 | _aFood -- | ||
| 650 | _xSongs and music. | ||
| 650 | _xTexts. | ||
| 700 | _aNA | ||
| 999 |
_c299401 _d299401 |
||